Sachsenspiegel /
Saved in:
| Other Authors: | |
|---|---|
| Format: | Book |
| Language: | German |
| Published: |
Göttingen :
Musterschmidt,
c1955-1967.
|
| Edition: | 2. Bearbeitung. |
| Series: | Germanenrechte. Neue Folge. Land- und Lehnrechtsbücher ;
Bd. 1. |
| Subjects: | |
| Tags: |
Add Tag
No Tags, Be the first to tag this record!
|
| LEADER | 01369nam a2200337 a 4500 | ||
|---|---|---|---|
| 001 | 001079554-5 | ||
| 005 | 20020606090541.3 | ||
| 008 | 830817m19551967gw a b 00010dger d | ||
| 010 | |a 71572721 | ||
| 035 | 0 | |a ocn961924492 | |
| 035 | 1 | |a MAHL83B4073 | |
| 040 | |a MH-L |c IaU-L |d IaU-L |d MH-L | ||
| 043 | |a e-gx--- | ||
| 130 | 0 | |a Sachsenspiegel. | |
| 245 | 0 | 0 | |a Sachsenspiegel / |c herausgegeben von Karl August Eckhardt. |
| 250 | |a 2. Bearbeitung. | ||
| 260 | 0 | |a Göttingen : |b Musterschmidt, |c c1955-1967. | |
| 300 | |a 5 v. : |b ill. ; |c 25 cm. | ||
| 490 | 1 | |a Germanenrechte. Neue Folge. Land- und Lehnrechtsbücher ; |v Bd. 1 | |
| 500 | |a Bd. IV-V without ed. statement. | ||
| 500 | |a Bd. III-V published: Hannover : Hahn, 1966-1967. | ||
| 500 | |a Bd. I-II also issued in series: Fontes juris Germanici antiqui. Nova ser., t. 1, p. 1-2. | ||
| 500 | |a Previous ed. of Bd. I-III published: Hannover : Hahn, 1933. | ||
| 504 | |a Includes bibliographical references. | ||
| 505 | 0 | |a [I.] Landrecht -- [II.] Lehnrecht -- III. Quedlinburger Handschrift -- IV. Eike von Repchow und Hoyer von Valkenstein -- V. Landrecht in hochdeutscher Übertragung. | |
| 650 | 0 | |a Law, Saxon. | |
| 650 | 0 | |a Law |z Holy Roman Empire. | |
| 700 | 1 | |a Eckhardt, Karl August, |d 1901- | |
| 830 | 0 | |a Germanenrechte. |p Neue Folge. |p Land- und Lehnrechtsbücher ; |v Bd. 1. | |
| 988 | |a 20020608 | ||
| 906 | |0 MH | ||


